| 000 | 01560nam a2200433 c 4500 | ||
|---|---|---|---|
| 003 | BLK | ||
| 005 | 20180420225234.0 | ||
| 008 | 180408b bul|||||r ||||||| ||bul|| | ||
| 010 | _aKNG00094934000 | ||
| 020 |
_a978-0-316-04560-5 _bиздат.: Little, Brown and Co |
||
| 040 | _aBLK | ||
| 041 |
_aENG _cENG |
||
| 080 |
_aПолитика. Вж и 341 ; 342 _b32 _x(73)(092) _z32(73)(092) |
||
| 080 |
_a44-ти американски президент _b929 Обама, Барак _x _z929 Обама, Барак |
||
| 700 | 1 |
_aSullivan, Robert _eed. by _9303876 |
|
| 700 | 1 |
_aKennedy, Edward M. _eforew. _9303877 |
|
| 139 |
_aThe American Journey of Barack Obama _bO 12 |
||
| 245 | 1 | 0 |
_aThe American Journey of Barack Obama _ced. by Robert Sullivan; forew. Edward M. Kennedy. |
| 257 | _aUSA | ||
| 260 |
_аNew York et al. _bLittle, Brown and Co _c2008 |
||
| 300 |
_a176 p. _bill. _c28 cm |
||
| 380 | _a3 | ||
| 500 | _a1st publ. oct. 2008 under the title Obama : a Moment in Time. - Ed. by Life Books. | ||
| 600 | 1 | 4 |
_aОбама, Барак _9104169 |
| 650 | 4 |
_aПрезиденти - САЩ _9247820 |
|
| 650 | 4 |
_aПолитици, американски - биографии _9267571 |
|
| 650 | 4 |
_aОбама, Барак _9104169 |
|
| 651 | 4 |
_aСАЩ _9179493 |
|
| 653 | _aБарак Обама | ||
| 653 | _aпрезиденти | ||
| 653 | _aполитици | ||
| 653 | _aбиографии | ||
| 653 | _aСАЩ | ||
| 852 | _aЦб ІІ 16120 | ||
| 856 | 4 |
_qpdf _u |
|
| 856 | 4 |
_qpdf _u |
|
| 942 |
_cKNG _n0 |
||
| 944 |
_aCR _c22.03.2010 _lф / _kВиолета_Тройчева |
||
| 944 |
_aED _c19.10.2011 _lф / _k |
||
| 999 |
_c90201 _d90201 |
||